Statistics for Name the Political Leader of India

Click here to take the quiz!

General Stats

  • This quiz has been taken 44 times
  • The average score is 9 of 15

Answer Stats

About the LeaderLeader% Correct
13th Prime Minister of IndiaDr. Manmohan Singh
97%
14th Prime Minister of IndiaNarendra Modi
97%
Congress President and Youth Congress ChairRahul Gandhi
92%
United People’s Alliance Chair and mother of the aboveSonia Gandhi
90%
Chief Minister of Delhi, once hit with a slipper by a citizenArvind Kejriwal
79%
Bharatiya Janata Party PresidentAmit Shah
69%
Chief Minister of PunjabCaptain Amarinder Singh
69%
Uttar Pradesh Chief Minister and far-right city-rechristenerYogi Adityanath
62%
Rajasthan Chief Minister and political veteranAshok Gehlot
46%
Telugu Desam Party National Convener and bitter rival of the aboveNara Chandrababu Naidu
46%
Young and dynamic deputy of the aboveSachin Pilot
41%
Telangana Rashtra Samiti National Convener and Telangana Chief MinisterK. Chandrasekhar Rao
38%
General Secretary of the Central Committee of the Politburo Communist Party of India (Marxist)Sitaram Yechury
28%
National Conference supremoOmar Abdullah
26%
President of the Bahujan Samaj PartyMayawati Das
3%

Score Distribution

Percentile by Number Answered

Percent of People with Each Score

Your Score History

You have not taken this quiz